Every Single World Leader - Statistics

General Stats
  • This quiz has been taken 13 times
  • The average score is 15 of 196
Answer Stats
Hint Answer % Correct
United States Donald Trump
82%
Germany Angela Merkel
73%
France Emmanuel Macron
64%
Russia Vladimir Putin
64%
North Korea Kim Jong-un
55%
Turkey Recep Tayyip Erdoğan
55%
Japan Shinzō Abe
55%
Canada Justin Trudeau
45%
India Narendra Modi
45%
Vatican City Pope Francis
45%
Monaco Albert II
36%
Belarus Alexander Lukashenko
36%
Syria Bashar al-Assad
36%
Israel Benjamin Netanyahu
36%
Saudi Arabia Salman
36%
China Xi Jinping
36%
Brazil Jair Bolsonaro
27%
Ecuador Lenín Moreno
27%
Venezuela Nicolás Maduro
27%
Ukraine Petro Poroshenko
27%
Thailand Prayut Chan-o-cha
27%
Cuba Raúl Castro
27%
Philipines Rodrigo Duterte
27%
Egypt Abdel Fattah el-Sisi
18%
Jordan Abdullah II
18%
Greece Alexis Tsipras
18%
Italy Giuseppe Conte
18%
New Zealand Jacinda Ardern
18%
Singapore Lee Hsien Loong
18%
Netherlands Mark Rutte
18%
Argentina Mauricio Macri
18%
South Korea Moon Jae-in
18%
Australia Scott Morrison
18%
Austria Sebastian Kurz
18%
Chile Sebastián Piñera
18%
Hungary Viktor Orbán
18%
Iraq Adil Abdul-Mahdi
9%
Iran Ali Khamenei
9%
Czech Republic Andrej Babiš
9%
Mexico Andrés Manuel López Obrador
9%
Costa Rica Carlos Alvarado Quesada
9%
Belgium Charles Michel
9%
South Africa Cyril Ramaphosa
9%
Nicaragua Daniel Ortega
9%
Zambia Edgar Lungu
9%
Albania Edi Rama
9%
Norway Erna Solberg
9%
Bolivia Evo Morales
9%
Turkmenistan Gurbanguly Berdimuhamedow
9%
Cambodia Hun Sen
9%
Azerbaijan Ilham Aliyev
9%
Pakistan Imran Khan
9%
Colombia Iván Duque
9%
Guatemala Jimmy Morales
9%
Indonesia Joko Widodo
9%
Congo, Democratic Republic of the Joseph Kabila
9%
United Arab Emirates | United Kingdom Khalifa bin Zayed Al Nahyan
9%
Ireland Leo Varadkar
9%
Peru Martín Vizcarra
9%
Morroco Mohammed VI
9%
Eswatini Mswati III
9%
Nigeria Muhammadu Buhari
9%
Kazakhstan Nursultan Nazarbayev
9%
Moldova Pavel Filip
9%
Spain Pedro Sánchez
9%
Sweden Stefan Löfven
9%
Uruguay Tabaré Vázquez
9%
Kenya Uhuru Kenyatta
9%
Luxembourg Xavier Bettel
9%
Algeria Abdelaziz Bouteflika
0%
Yemen Abdrabbuh Mansur Hadi
0%
Ethiopia Abiy Ahmed
0%
Gambia, The Adama Barrow
0%
Tonga Akilisi Pōhiva
0%
Ivory Coast Alassane Ouattara
0%
Serbia Aleksandar Vučić
0%
Gabon Ali Bongo Ondimba[
0%
St. Lucia Allen Chastanet
0%
Liechtenstein Alois
0%
Guinea Alpha Condé
0%
Croatia Andrej Plenković
0%
Jamaica Andrew Holness
0%
Madagascar Andry Rajoelina
0%
Andorra Antoni Martí
0%
Portugal António Costa
0%
Afganistan Ashraf Ghani
0%
Comoros Azali Assoumani
0%
Nauru Baron Waqa
0%
Tunisia Beji Caid Essebsi
0%
Laos Bounnhang Vorachith
0%
Bulgaria Boyko Borisov
0%
Vanuatu Charlot Salwai
0%
Lithuania Dalia Grybauskaitė
0%
Dominican Republic Danilo Medina
0%
Seychelles Danny Faure
0%
Guyana David A. Granger
0%
Belize Dean Barrow
0%
Congo, Republic of the Denis Sassou Nguesso
0%
Suriname Dési Bouterse
0%
Montenegro Duško Marković
0%
Zimbabwe Emmerson Mnangagwa
0%
Tajikstan Emomali Rahmon
0%
Tuvalu Enele Sopoaga
0%
São Tomé and Príncipe Evaristo Carvalho
0%
Togo Faure Gnassingbé
0%
Central African Republic Faustin-Archange Touadéra
0%
Libya Fayez al-Sarraj
0%
Mozambique Filipe Nyusi
0%
East Timor Francisco Guterres
0%
Fiji Frank Bainimarama
0%
Antigua and Barbuda Gaston Browne
0%
Liberia George Weah
0%
Namibia Hage Geingob
0%
Bahrain Hamad bin Isa Al Khalifa
0%
Brunei Hassanal Bolkiah
0%
Somalia Hassan Ali Khayre
0%
Marshall Islands Hilda Heine
0%
Bahamas, The Hubert Minnis
0%
Mali Ibrahim Boubacar Keïta
0%
Maldives Ibrahim Mohamed Solih
0%
Chad Idriss Déby
0%
Eritrea Isaias Afwerki
0%
Djibouti Ismaïl Omar Guelleh
0%
Angola João Lourenço
0%
Tanzania John Magufuli
0%
Cape Verde Jorge Carlos Fonseca
0%
Guinea-Bissau José Mário Vaz
0%
Malta Joseph Muscat
0%
Haiti Jovenel Moïse
0%
Panama Juan Carlos Varela
0%
Honduras Juan Orlando Hernández
0%
Finland Juha Sipilä
0%
Sierra Leone Julius Maada Bio
0%
Estonia Jüri Ratas
0%
Iceland Katrín Jakobsdóttir
0%
Grenada Keith Mitchell
0%
Trinidad and Tobago Keith Rowley
0%
Nepal Khadga Prasad Oli
0%
Mongolia Khaltmaagiin Battulga
0%
Romania Klaus Iohannis
0%
Denmark Lars Løkke Rasmussen
0%
Bhutan Lotay Tshering
0%
Senegal Macky Sall
0%
Niger Mahamadou Issoufou
0%
Malaysia Mahathir Mohamad
0%
Palestine Mahmoud Abbas
0%
Sri Lanka Maithripala Sirisena
0%
Georgia Mamuka Bakhtadze
0%
Paraguay Mario Abdo Benítez
0%
Latvia Māris Kučinskis
0%
Slovenia Marjan Šarec
0%
Poland Mateusz Morawiecki
0%
Barbados Mia Mottley
0%
Bosnia and Herzegovina Milorad Dodik
0%
San Marino Mirko Tomassoni
0%
Mauritania Mohamed Ould Abdel Aziz
0%
Botswana Mokgweetsi Masisi
0%
Kyrgyzstan Mukhammedkalyi Abylgaziev
0%
Ghana Nana Akufo-Addo
0%
Vietnam Nguyễn Phú Trọng
0%
Cyprus Nicos Anastasiades
0%
Armenia Nikol Pashinyan
0%
Sudan Omar al-Bashir
0%
Benin Patrice Talon
0%
Cameroon Paul Biya
0%
Rwanda Paul Kagame
0%
Micronesia Peter M. Christian
0%
Malawi Peter Mutharika
0%
Papua New Guinea Peter O'Neill
0%
Slovakia Peter Pellegrini
0%
Mauritius Pravind Jugnauth
0%
Oman Qaboos bin Said al Said
0%
St. Vincent and the Grenadines Ralph Gonsalves
0%
Solomon Islands Rick Houenipwela
0%
Burkina Faso Roch Marc Christian Kaboré
0%
Dominica Roosevelt Skerrit
0%
Lebanon Saad Hariri
0%
Kuwait Sabah Al-Ahmad Al-Jaber Al-Sabah
0%
El Salvador Salvador Sánchez Cerén
0%
South Sudan Salva Kiir Mayardit
0%
Šefik Džaferović
0%
Uzbekistan Shavkat Mirziyoyev
0%
Bangladesh Sheikh Hasina
0%
Qatar Tamim bin Hamad Al Thani
0%
Kiribati Taneti Mamau
0%
Equatorial Guinea Teodoro Obiang Nguema Mbasogo
0%
Palau Thomas Remengesau Jr.
0%
St. Kitts & Nevis Timothy Harris
0%
Lesotho Tom Thabane
0%
Samoa Tuilaepa Aiono Sailele Malielegaoi
0%
Switzerland Ueli Maurer
0%
Myanmar Win Myint
0%
Uganda Yoweri Museveni
0%
Željko Komšić
0%
Macedonia Zoran Zaev
0%
No matching quizzes found
Score Distribution
Percent of People with Each Score
Percentile by Number Answered
Your Score History
You have not taken this quiz